000 00893nam0a22002291 4500
001 rc\1149683
005 20041129084621.9
035 _a(NLR Aleph) 006395245
090 _a5188459
_c5188459
100 _a20041129d1980 u |0rusy50 ca
101 0 _arus
102 _aRU
105 _ay |||||||||
200 1 _aМетодические указания по испытанию биологических препаратов для защиты леса от хвое-листогрызущих насекомых
_fГос. ком. СССР по лесн. хоз-ву
_g[Подгот. Л.Т. Крушевым]
210 _aМ.
_cЦБНТИ Гослесхоза СССР
_d1980
215 _a35 с.
_d21
702 1 _aКрушев
_bЛ. Т.
_gЛеонид Тимофеевич
_4570
801 0 _aRU
_bNLR
_gpsbo
801 1 _aRU
_bELAR
_2rusmarc
852 _aNLR
_j81-6/58
942 _cBOOK
980 _aNB